000 00505nam a2200181Ia 4500
999 _c28469
_d28469
003 OSt
005 20201130101906.0
008 190216s9999||||xx |||||||||||||| ||und||
020 _a8178070146
040 _coclc
082 _a894.8123
_bKAR/I
100 _aKartha, T Nandakumar
_97006
245 0 _aIni Vasantholsavam /
_c T Nandakumar Kartha
260 _bPen Books,
_aAluva:
_c2000.
300 _a331p
650 _aNovel
942 _cBK
_2ddc
_h894.8123
_iKAR/I
_k894.8123
_mKAR/I